| 000 | 00920cam a2200301 4500 | ||
|---|---|---|---|
| 001 | a4732021 | ||
| 003 | SpMaBN | ||
| 005 | 20210820121443.0 | ||
| 008 | 210820b xxu||||| |||| 00| 0 spa d | ||
| 020 | _a9789875001374 | ||
| 035 | _a(OCoLC)758075153 | ||
| 040 |
_aSpMaBN _cIUNIR |
||
| 041 | 1 |
_aspa _hfre |
|
| 080 | _a165.21 RAN | ||
| 100 | 1 |
_aRancière, Jacques _d1940- _0XX1573386 |
|
| 240 | 1 | 3 |
_aLe spectateur émancipé _lEspañol |
| 245 | 1 | 3 |
_aEl espectador emancipado _cJacques Rancière |
| 250 | _a1a. ed., 4a. reimp`. | ||
| 260 |
_aBuenos Aires _bManantial _c2019 |
||
| 300 |
_a136 p. _c22 cm. |
||
| 650 | 7 |
_aArte _xFilosofía _2embne |
|
| 650 | 7 |
_aRepresentación (Filosofía) _2embne |
|
| 650 | 1 | 0 |
_aFilosofía _977 |
| 901 | _aMON1004 | ||
| 942 |
_2cdu _cBK |
||
| 956 | _a1 2 | ||
| 980 |
_aVG 254-2010 _bOficina Depósito legal Vigo _a978-84-96720-92-3 _aSpMaBN _bBNMADRID _kSA _h165.21 _dAHMo/514297 _cREF_SALON |
||
| 999 |
_c5249 _d5249 |
||